000 00763nam a2200289Ia 4500
001 Z_4404
003 CHAP
008 220113s1986 xx 000 0 und d
010 _a167474
040 _cCHAP
090 _aFolleto 33
100 _aEspinoza Villavicencio, José Luis
_938087
245 _aEl efecto de la heterosis en algunos programas de cruzamiento sistemático en bovinos productores de carne /
_cpor José Luis Espinoza Villavicencio
260 _aLa Paz, B.C. :
_bUABCS,
_c1986
300 _a25 p.
440 _a
500 _a
503 _a
650 _aGanado vacuno
_xCruzas
_945452
650 _aHeterosis
_955071
901 _aFolleto 33
902 _aA
910 _a1986
942 _cc14
942 _cc14
999 _c167474
_d167474